L'acquisto del prossesso mediante i potestati subiecti

Saved in:
Bibliografiske detaljer
Hovedforfatter: Nicosia, Giovanni (autore)
Format: Bog
Sprog:italiensk
Udgivet: Milán Dott. A. Giuffrè 1960
Serier:Pubblicazioni della Facoltà di Giurisprudenza, 38
Fag:
Tags: Tilføj Tag
Ingen Tags, Vær først til at tagge denne postø!

MARC

LEADER 00000nam a2200000 a 4500
001 UCR1023
003 CL-VaPUC
008 971205e19600000IT |||||||||||||||||ita|d
082 0 4 |a 340.5401  |b NIC  |2 21 
100 |a Nicosia, Giovanni  |e autore  |9 875226 
245 1 2 |a L'acquisto del prossesso mediante i potestati subiecti 
300 |a 495 p 
942 |c BK 
945 |d 19971205 00:00:00  |a aolguin 
260 |a Milán  |b Dott. A. Giuffrè  |c 1960 
650 0 |a Derecho romano  |9 255930 
650 0 |a Posesión   |9 258681 
650 0 |a Adquisición de la propiedad   |9 258291 
650 7 |a FUENTES  |2 CL-VaPUC  |9 255666 
650 0 |a Historia  |9 255047 
650 7 |a TEXTOS JURIDICOS  |2 CL-VaPUC  |9 397770 
650 7 |a EMPERADORES  |2 CL-VaPUC  |9 333943 
651 7 |a IMPERIO ROMANO  |2 CL-VaPUC  |9 397771 
583 |a last modification  |c 19971205 00:00:00  |k Rodrigo Vera 
490 0 |a Pubblicazioni della Facoltà di Giurisprudenza, 38 
999 |c 264518  |d 264516 
952 |0 0  |1 0  |4 0  |6 340_540100000000000_NIC_1960  |7 0  |8 DER_ROM  |9 294801  |a BIBDER  |b BIBDER  |d 2019-11-19  |i 1909592  |o 340.5401 NIC 1960  |p 1909592  |r 2023-01-25  |w 2019-11-19  |x Ubicación 4to piso  |y BK  |z Este recurso debe solicitarse con anticipación  |k DER